000 00596cam a22002053a 4500
001 45628
003 PGUSA
005 20140828084045.0
008 140511s2014||||xxu|||||s|||||000 | eng d
040 _aPGUSA
_beng
042 _adc
100 1 _aMorton, John Maddison
245 1 2 _aA Desperate Game :
_bA Comic Drama in One Act
_h[electronic resource] /
_cJohn Maddison Morton
260 _bProject Gutenberg,
_c2014
506 _aPublic domain in the USA.
516 _aElectronic text
830 0 _aProject Gutenberg
_v45628
856 4 0 _uhttp://www.gutenberg.org/ebooks/45628
942 _cEB
999 _c274878
_d274878